[Event "HUN-chT2 Breyer 1112"]
[Site "Hungary"]
[Date "2012.05.20"]
[Round "11.8"]
[White "Csolig, Robert"]
[Black "Adam, Gyorgy Jr"]
[Result "0-1"]
[WhiteElo "2190"]
[BlackElo "2090"]
[PlyCount "60"]
[EventDate "2011.09.25"]
[EventType "team-tourn"]
[EventRounds "11"]
[EventCountry "HUN"]
[SourceTitle "EXT 2013"]
[Source "ChessBase"]
[SourceDate "2012.11.22"]
[SourceVersion "1"]
[SourceVersionDate "2012.11.22"]
[SourceQuality "1"]
[WhiteTeam "Geniusz Tata"]
[BlackTeam "BEAC II"]
[WhiteTeamCountry "HUN"]
[BlackTeamCountry "HUN"]

1. d4 g6 2. c4 Bg7 3. Nc3 d6 4. e4 Nd7 5. f3 e5 6. d5 f5 7. Be3 Ndf6 8. exf5 gxf5 9. Qd2 f4 10. Bf2 Bf5 11. Bd3 Qd7 12. Nge2 Ne7 13. Ne4 a6 14. Ng5 Bh6 15. Bxf5 Nxf5 16. Ne6 Ng7 17. Nxg7+ Qxg7 18. Qb4 b5 19. cxb5 Qxg2 20. Rg1 Qxf3 21. Rd1 Ng4 22. Rf1 Nxh2 23. Qc4 Qh3 24. Qc6+ Kf8 25. Bc5 Qxf1+ 26. Kd2 f3+ 27. Kc3 Qxd1 28. Bxd6+ Kg8 29. Bxe5 Bd2+ 30. Kd4 Qa4+ 0-1

[Event "HUN-chT2 Breyer 1112"]
[Site "Hungary"]
[Date "2012.05.06"]
[Round "10.7"]
[White "Legman, Miklos"]
[Black "Adam, Gyorgy Jr"]
[Result "0-1"]
[WhiteElo "2027"]
[BlackElo "2090"]
[PlyCount "116"]
[EventDate "2011.09.25"]
[EventType "team-tourn"]
[EventRounds "11"]
[EventCountry "HUN"]
[SourceTitle "EXT 2013"]
[Source "ChessBase"]
[SourceDate "2012.11.22"]
[SourceVersion "1"]
[SourceVersionDate "2012.11.22"]
[SourceQuality "1"]
[WhiteTeam "Biatorbagy"]
[BlackTeam "BEAC II"]
[WhiteTeamCountry "HUN"]
[BlackTeamCountry "HUN"]

1. e4 c5 2. b3 e6 3. Bb2 Nf6 4. d3 d5 5. Nd2 Be7 6. g3 Nc6 7. Bg2 d4 8. Ngf3 Qc7 9. 0-0 e5 10. a4 Bg4 11. h3 Bd7 12. Nc4 h6 13. Bc1 Nh7 14. Kh2 Ng5 15. Ng1 f6 16. f4 Nf7 17. Qh5 Be6 18. Nf3 0-0-0 19. Nh4 g5 20. Ng6 Rhg8 21. Bd2 exf4 22. gxf4 Bd6 23. Kh1 Rg7 24. fxg5 fxg5 25. Rf6 Bd7 26. Raf1 Be8 27. Qg4+ Kb8 28. Qe6 Bd7 29. Qd5 Be8 30. Qe6 Bg3 31. Nf8 h5 32. R6f5 g4 33. Rxc5 gxh3 34. Bxh3 Rg8 35. Nh7 Bd7 36. Qxf7 Bxh3 37. Qxc7+ Bxc7 38. Rg1 Bg4 39. Rf1 Bh3 40. Rf2 Bg3 41. Bf4+ Bxf4 42. Rxf4 Bg4 43. Nf6 Rg7 44. Ne5 Nxe5 45. Rxe5 Bd1 46. Rc5 Rg3 47. Kh2 h4 48. Rxh4 Rf3 49. e5 b6 50. Rd5 Rc8 51. Ne4 Rxc2+ 52. Kg1 Rxd3 53. Rf4 Bf3 54. Rxf3 Rxf3 55. e6 Re3 56. Nf2 Re1+ 57. Kg2 Rxe6 58. Rxd4 Rf6 0-1